Pattern making template for skirts and dresses: (Record no. 1407)
[ view plain ]
| 000 -LEADER | |
|---|---|
| fixed length control field | 00663nam a22001937a 4500 |
| 005 - DATE AND TIME OF LATEST TRANSACTION | |
| control field | 20230223065202.0 |
| 008 - FIXED-LENGTH DATA ELEMENTS--GENERAL INFORMATION | |
| fixed length control field | 230223b |||||||| |||| 00| 0 eng d |
| 020 ## - INTERNATIONAL STANDARD BOOK NUMBER | |
| International Standard Book Number | 978-1-72881-436-6 |
| 082 ## - DEWEY DECIMAL CLASSIFICATION NUMBER | |
| Classification number | 646.432 P948 2017 |
| 100 ## - MAIN ENTRY--PERSONAL NAME | |
| Personal name | Prier, Alice |
| Relator term | author |
| 245 ## - TITLE STATEMENT | |
| Title | Pattern making template for skirts and dresses: |
| Remainder of title | all you need to design, adapt and customise your clothes |
| Statement of responsibility, etc. | Alice Prier, Lilia Prier Tisdall |
| 260 ## - PUBLICATION, DISTRIBUTION, ETC. | |
| Place of publication, distribution, etc. | Tunbridge Wells, Kent: |
| Name of publisher, distributor, etc. | Search Press, |
| Date of publication, distribution, etc. | c2017 |
| 300 ## - PHYSICAL DESCRIPTION | |
| Extent | [144]p.: |
| Other physical details | ill. (some col) |
| 504 ## - BIBLIOGRAPHY, ETC. NOTE | |
| Bibliography, etc. note | Includes index |
| 541 ## - IMMEDIATE SOURCE OF ACQUISITION NOTE | |
| Accession number | 6719 |
| 650 ## - SUBJECT ADDED ENTRY--TOPICAL TERM | |
| Topical term or geographic name entry element | Dressmaking - Patterns design |
| 650 ## - SUBJECT ADDED ENTRY--TOPICAL TERM | |
| Topical term or geographic name entry element | Skirts |
| 700 ## - ADDED ENTRY--PERSONAL NAME | |
| Personal name | Tisdall, Lilia P. |
| Relator term | author |
| Withdrawn status | Lost status | Source of classification or shelving scheme | Damaged status | Not for loan | Home library | Current library | Date acquired | Total Checkouts | Full call number | Barcode | Date last seen | Copy number | Price effective from | Koha item type |
|---|---|---|---|---|---|---|---|---|---|---|---|---|---|---|
| Dewey Decimal Classification | ctu-moalboal | ctu-moalboal | 03/03/2021 | 646.432 P948 2017 | 6719 | 02/23/2023 | 1 | 02/23/2023 | Books-Reference |